[Event "SVK-ch U14 Girls"]
[Site "Liptovsky Mikulas"]
[Date "2018.04.25"]
[Round "7"]
[White "Sivicekova, Barbora"]
[Black "Obrocnikova, Viktoria"]
[Result "1-0"]
[WhiteElo "1077"]
[BlackElo "1101"]
[PlyCount "49"]
[EventDate "2018.04.21"]
[EventType "swiss"]
[EventRounds "9"]
[EventCountry "SVK"]
[SourceTitle "CBM 184 Extra"]
[Source "ChessBase"]
[SourceDate "2018.06.28"]
[SourceVersion "1"]
[SourceVersionDate "2018.06.28"]
[SourceQuality "1"]

1. e4 e5 2. Nf3 Nc6 3. Nc3 Nf6 4. Bc4 Nxe4 5. Bxf7+ Kxf7 6. Nxe4 d5 7. Ng3 Kg8 8. 0-0 h6 9. d3 Kh7 10. Bd2 Rg8 11. Re1 Bd6 12. Bc3 d4 13. Bd2 Rf8 14. c3 Bg4 15. h3 Bxf3 16. gxf3 Qh4 17. Kg2 Rf6 18. Re4 Rf4 19. Bxf4 exf4 20. Nf5 Qg5+ 21. Kh2 Qxf5 22. Qg1 Ne5 23. Qg2 Nxd3 24. Rg1 Rd8 25. Qxg7# 1-0

[Event "SVK-ch U14 Girls"]
[Site "Liptovsky Mikulas"]
[Date "2018.04.22"]
[Round "3"]
[White "Carnecka, Stella"]
[Black "Sivicekova, Barbora"]
[Result "1-0"]
[WhiteElo "1375"]
[BlackElo "1077"]
[PlyCount "163"]
[EventDate "2018.04.21"]
[EventType "swiss"]
[EventRounds "9"]
[EventCountry "SVK"]
[SourceTitle "CBM 184 Extra"]
[Source "ChessBase"]
[SourceDate "2018.06.28"]
[SourceVersion "1"]
[SourceVersionDate "2018.06.28"]
[SourceQuality "1"]

1. c4 Nc6 2. Nc3 Nf6 3. e3 e5 4. d4 d6 5. Be2 g6 6. a3 Bg7 7. b4 0-0 8. d5 Ne7 9. e4 c6 10. Nf3 cxd5 11. cxd5 Bg4 12. h3 Qc8 13. Bd2 Bxf3 14. Bxf3 Qd7 15. 0-0 Rfc8 16. Rc1 Rc7 17. Qe2 Rac8 18. Nb5 Rxc1 19. Rxc1 Rxc1+ 20. Bxc1 a6 21. Nc3 Qc7 22. Bd2 Nc8 23. b5 a5 24. a4 b6 25. Bg4 Nxg4 26. Qxg4 Kf8 27. Nd1 Ke8 28. Nc3 Qc4 29. Nd1 Qc2 30. Be3 Bf6 31. f4 Kd8 32. fxe5 Bxe5 33. Qf3 Ke8 34. Qg4 h5 35. Qf3 Qb1 36. g4 h4 37. g5 Qc2 38. Qg4 Qh2+ 39. Kf1 Qh1+ 40. Ke2 Qh2+ 41. Kd3 Kd8 42. Qxh4 Qg3 43. Qxg3 Bxg3 44. Nf2 Kd7 45. Ng4 Ke7 46. Nh6 Kf8 47. Ng4 Ke7 48. Nf6 Bh2 49. Ng8+ Kf8 50. Nf6 Ke7 51. Ke2 Be5 52. Ng8+ Kf8 53. Nh6 Ke7 54. Kf3 f6 55. gxf6+ Kxf6 56. Ng4+ Kf7 57. Nxe5+ dxe5 58. Kg4 Kf6 59. h4 Kf7 60. Kg5 Kg7 61. h5 gxh5 62. Kxh5 Kf6 63. Kg4 Kg6 64. Kf3 Kf6 65. Bf2 Ke7 66. Ke3 Kd6 67. Kd3 Kd7 68. Ke3 Ke7 69. Kf3 Kd7 70. Kg4 Ke7 71. Kf5 Kd6 72. Kf6 Kd7 73. Kxe5 Ke7 74. Kd4 Kd6 75. e5+ Ke7 76. Bh4+ Kd7 77. e6+ Kd6 78. Bg3+ Ke7 79. Ke5 Nd6 80. Bh4+ Ke8 81. Kxd6 Kf8 82. Kd7 1-0

[Event "SVK-ch U12 Girls"]
[Site "Liptovsky Mikulas"]
[Date "2017.04.28"]
[Round "9"]
[White "Obrocnikova, Viktoria"]
[Black "Sivicekova, Barbora"]
[Result "1-0"]
[WhiteElo "1067"]
[BlackElo "1029"]
[PlyCount "95"]
[EventDate "2017.04.22"]
[EventType "swiss"]
[EventRounds "9"]
[EventCountry "SVK"]
[SourceTitle "CBM 178 Extra"]
[Source "ChessBase"]
[SourceDate "2017.06.22"]
[SourceVersion "1"]
[SourceVersionDate "2017.06.22"]
[SourceQuality "1"]

1. e4 e5 2. Nf3 Nc6 3. Nc3 Nf6 4. Bb5 d6 5. h3 Bd7 6. d3 h6 7. Be3 Be7 8. Qe2 0-0 9. 0-0 a6 10. Bc4 Be6 11. Bb3 Bxb3 12. axb3 d5 13. Rfd1 d4 14. Bd2 dxc3 15. Bxc3 Bd6 16. Nh2 Bc5 17. Nf3 Bd4 18. Nxd4 Nxd4 19. Qd2 Nc6 20. b4 Qd7 21. Kh1 Rfe8 22. f4 Rad8 23. fxe5 Nxe5 24. Ra5 Qd6 25. Bxe5 Rxe5 26. Rxe5 Qxe5 27. c3 Qh5 28. Re1 Re8 29. Kg1 Re5 30. c4 Rg5 31. Re3 Qh4 32. b3 Nh5 33. c5 c6 34. e5 Nf4 35. Re4 Nxh3+ 36. Kf1 Rf5+ 37. Ke2 Qf2+ 38. Kd1 Qf1+ 39. Re1 Nf2+ 40. Kc2 Qxg2 41. e6 Qg6 42. e7 f6 43. e8Q+ Qxe8 44. Rxe8+ Kf7 45. Rb8 Ng4 46. Rxb7+ Kg6 47. Kc3 h5 48. Qg2 1-0

[Event "SVK-ch U12 Girls"]
[Site "Liptovsky Mikulas"]
[Date "2017.04.26"]
[Round "7"]
[White "Sivicekova, Barbora"]
[Black "Urbanova, Tatiana"]
[Result "1-0"]
[WhiteElo "1029"]
[BlackElo "1161"]
[PlyCount "59"]
[EventDate "2017.04.22"]
[EventType "swiss"]
[EventRounds "9"]
[EventCountry "SVK"]
[SourceTitle "CBM 178 Extra"]
[Source "ChessBase"]
[SourceDate "2017.06.22"]
[SourceVersion "1"]
[SourceVersionDate "2017.06.22"]
[SourceQuality "1"]

1. e4 e5 2. Nf3 Nc6 3. Nc3 Nf6 4. Bc4 Bb4 5. d3 0-0 6. Be3 d6 7. h3 h6 8. 0-0 Qe7 9. Bb3 Be6 10. a3 Bxc3 11. bxc3 Rfe8 12. Qd2 Rad8 13. Rfe1 d5 14. exd5 Bxd5 15. Bxd5 Nxd5 16. c4 Nxe3 17. Qxe3 Nd4 18. Nxd4 exd4 19. Qxe7 Rxe7 20. Rxe7 Rc8 21. Rae1 Kf8 22. Rd7 b6 23. Rxd4 c5 24. Rde4 g5 25. Kh2 Kg7 26. Kg3 Kg6 27. h4 f5 28. Re6+ Kh5 29. hxg5 hxg5 30. Rh1# 1-0

[Event "SVK-ch U12 Girls"]
[Site "Liptovsky Mikulas"]
[Date "2017.04.22"]
[Round "1"]
[White "Sivicekova, Barbora"]
[Black "Krahulcova, Martina"]
[Result "0-1"]
[WhiteElo "1029"]
[BlackElo "1296"]
[PlyCount "84"]
[EventDate "2017.04.22"]
[EventType "swiss"]
[EventRounds "9"]
[EventCountry "SVK"]
[SourceTitle "CBM 178 Extra"]
[Source "ChessBase"]
[SourceDate "2017.06.22"]
[SourceVersion "1"]
[SourceVersionDate "2017.06.22"]
[SourceQuality "1"]

1. e4 e5 2. Nf3 Nc6 3. Nc3 Nf6 4. Bc4 h6 5. d3 d6 6. h3 Na5 7. Bb3 Nxb3 8. axb3 Be7 9. Be3 b6 10. 0-0 0-0 11. d4 exd4 12. Nxd4 Bb7 13. f3 Qd7 14. Qe1 Rfe8 15. Qg3 Nh5 16. Qg4 Qxg4 17. hxg4 Nf6 18. Rae1 Bd8 19. Bf4 Nd7 20. Re2 Ba6 21. Ndb5 c6 22. Bxd6 Bxb5 23. Nxb5 cxb5 24. Rd1 Be7 25. Ba3 Bxa3 26. bxa3 Rad8 27. Red2 Re7 28. Rd5 a6 29. Rd6 Kf8 30. Rxb6 Ra8 31. Rbd6 Ke8 32. f4 Ra7 33. e5 g6 34. R1d5 Kf8 35. f5 gxf5 36. gxf5 Nxe5 37. f6 Re8 38. Rd8 Ng6 39. R5d7 Rxd7 40. Rxd7 Ne5 41. Rd6 Ng4 42. Rxa6 Re1# 0-1